000 00624nam a2200181Ia 4500
008 100920s9999 xx 000 0 und d
082 _b63187
_a61 थ 76
100 _aदेशपांडे कृ.पं.
245 _aमास महिमा वैशाख.
260 _bनूतन प्रकारन, पुणे.
_c1976
300 _a45
_bसाधी
365 _b4
520 _aस्थानिक वाचन.
630 _aमास महिमा वैशाख.
650 _aस्थानिक वाचन.
730 _aमास महिमा वैशाख.
942 _cBOOK
999 _c706270
_d706267